| 000 | 00904cam a2200205 4500 | ||
|---|---|---|---|
| 008 | 090217r19491938ag 000 0 spa u | ||
| 035 | _aa479009 | ||
| 050 | 0 | 4 |
_aKF4525 [1787] _b C66 1949 |
| 245 | 1 | 3 |
_aLa Constitución de los Estados Unidos de América : _banotada con la jurisprudencia: anotaciones de casos decididos por la Corte Suprema de los Estados Unidos. |
| 110 | 1 |
_aEstados Unidos. _xConstitución |
|
| 250 | _a1a ed. | ||
| 260 |
_aBuenos Aires, Arg. _bGuillermo Kraft, _c1949 |
||
| 300 |
_a2 v. _c 29 cm. |
||
| 500 | _aVersión castellana de la ed. oficial actualizada con recientes casos de jurisprudencia. | ||
| 500 | _aTítulo original: The Constitution of the United States of America, 1938 | ||
| 650 | 7 |
_aConstitución (1938) _zEstados Unidos _2Lemb |
|
| 650 | 7 |
_aHistoria constitucional _zEstados Unidos _2Lemb |
|
| 710 | 1 |
_aEstados Unidos. _bSuprema Corte |
|
| 942 |
_2lcc _cLIB |
||
| 999 |
_c69562 _d69562 |
||